000 00575nam a2200217Ia 4500
005 20260429112218.0
008 260429s9999||||xx |||||||||||||| ||und||
020 _a9788198815064
041 _aEnglish
082 _a537.6
_bSON
100 _aSoni, Subhash
245 0 _aElectrodynamics :
_bclassical and modern perspectives /
_cSubhash Soni
250 _a1st ed.
260 _aJaipur :
_bBook Enclave,
_c2025.
300 _avii, 263 p.; hb
650 _a Electricity
650 _a Electrodynamics
650 _aPhysics
700 _a Kumar, Suresh
942 _cTB
999 _c52919
_d52919